| 000 | 00601nam a2200205Ia 4500 | ||
|---|---|---|---|
| 005 | 20250923150008.0 | ||
| 008 | 008 250917s9999 xx 000 0 eng d | ||
| 037 | _aTextual | ||
| 040 |
_aDSWL _beng _cDSWL |
||
| 041 |
_aeng _2eng |
||
| 084 |
_aYX;5-B:g, N98 _qDSWL |
||
| 100 |
_aSubramanya, R.K.A. _9841104 |
||
| 245 | 0 |
_aSocial security : A critical survey _c by R.K.A. Subramanya |
|
| 260 |
_aDelhi _b B.R. Publishing Corporation Ltd. _c1997 |
||
| 300 | _ax,254 p. | ||
| 365 |
_aINR _b300.00 |
||
| 925 | _g300.00 | ||
| 942 |
_cTEXL _hYX;5-B:g, N98 |
||
| 999 |
_c1458288 _d1458288 |
||